Egy társadalmi modelljáték magatartás-tudományi elemzése.

Popis modelovej hry, pomocou ktorej sa má v pracovnom kolektíve, najmä v autonómnych pracovných skupinách, vytvoriť dobrá klíma spolupráce na zásade "spoločný zážitok - spoločná reč - spoločné myslenie". Pozitívne prínosy popísanej modelovej hry.

Na minha lista:
Detalhes bibliográficos
Autor principal: Urbán-Frendl, I.
Formato: Capítulo de Livro
Idioma:húngaro
Assuntos:
Tags: Adicionar Tag
Sem tags, seja o primeiro a adicionar uma tag!

MARC

LEADER 00000naa a2200000 4500
001 r001998
005 20220909073842.4
041 0 |a hun 
044 |a HU 
245 1 0 |a Egy társadalmi modelljáték magatartás-tudományi elemzése.  |c I. Urbán-Frendl 
520 |a Popis modelovej hry, pomocou ktorej sa má v pracovnom kolektíve, najmä v autonómnych pracovných skupinách, vytvoriť dobrá klíma spolupráce na zásade "spoločný zážitok - spoločná reč - spoločné myslenie". Pozitívne prínosy popísanej modelovej hry. 
610 2 0 |a hry ekonomické 
610 2 0 |a modely ekonomické 
610 2 0 |a kolektív pracovný 
610 2 0 |a skupiny pracovné 
610 2 0 |a behaviorizmus 
610 2 0 |a analýza ekonomická 
100 1 |a Urbán-Frendl, I.